Mixed Up Mystery Matinee Quiz Stats

 Plays Quiz Updated Mar 16, 2020

Support Sporcle.
Go Orange.
Score 0/26 Timer 09:00
0 Plays Today
Hint Answer % Correct
TWEENNEWT
87.9%
MOVEDDOVE
86.2%
PEAKAPE
81.3%
WARTRAT
81.2%
GOLEMMOLE
78%
FALSESEAL
72.2%
YAWNSSWAN
71.8%
BRAZESZEBRA
70.1%
KNAVESSNAKE
66.4%
LEAGUEEAGLE
60.7%
TRIAGETIGER
59.9%
PYLONPONY
58.5%
MOSQUEMOUSE
57.9%
Hint Answer % Correct
FIREFANGGIRAFFE
56.7%
MOJOESMOOSE
53.8%
SPEECHSHEEP
53.2%
DOZINGDINGO
50.9%
WEALTHWHALE
44.9%
BECALMCAMEL
44.3%
BOXCARCOBRA
41%
TRINKETKITTEN
40%
CORNEACRANE
37.3%
HISTORICOSTRICH
35.9%
LUMPERLEMUR
34.7%
UPENDINGPENGUIN
31.5%
BROTHELSLOBSTER
17.3%

From the Vault

5x5 Double Word Square

by BoggelTeam

Time to take a double take, there's double the square here.
Remove Ads.
Support Sporcle.
Get the best of Sporcle when you Go Orange. This ad-free experience offers more features, more stats, and more fun while also helping to support Sporcle. Thank you for becoming a member.

Show Comments

Extras

Top Quizzes Today


Score Distribution

Your Account Isn't Verified!

In order to create a playlist on Sporcle, you need to verify the email address you used during registration. Go to your Sporcle Settings to finish the process.

Report this User

Report this user for behavior that violates our Community Guidelines.

Details: